000 00721nam a2200205Ii 4500
003 JO-AjNU
008 230605s9999||||xx |||||||||||||| ||und||
017 _a2000/11/2998
040 _aJO-AjNU
_bara
_erda
_cJO-AjNU
041 _aara
050 1 4 _aPJ7838.R3.Z4647 2000
245 0 0 _aمحمود سيف الدين الإيراني سيرته وأدبه: أوراق الندوة التي عقدت بتاريخ 13-14/ 10 / 1999م
264 3 1 _aعمان: وزارة الثقافة، 2000
300 _a237ص
336 _atext
_btxt
_2rdacontent
337 _aunmediated
_bn
_2rdamedia
338 _avolume
_bnc
_2rdacarrier
490 0 _aكتاب الشهر 11
650 4 _aالأدب العربي - تراجم
_945392
999 _aA19672
_c23240
_d23240